000 01729nam a2200337 a 4500
999 _c59208
_d59208
003 BLK
005 20250113101350.0
008 180408b bul|||||r ||||||| ||bul||
010 _aKNG00063294000
040 _aBLK
041 _aBUL
_cBUL
080 _aСтруктура на молекулярните системи - Физика на твърдото тяло, на металите, на полимерите - Свойства на твърдото тяло, текстура на молекулярните системи и на материалите, субструктура, микрострукт
_b539.2
_x(075.8)
_z539.2(075.8)
100 1 _aБорисов, Милко
_eпърви автор
_9288764
139 _aБорисов, Милко и др.
_bБ 65
245 1 0 _aУвод във физиката на твърдото тяло
_bЧ. 1 -
_cМилко Борисов; съавт. Красимира П. Маринова
_nЧ. 1
257 _aBGR
260 _aСофия
_bНаука и изкуство
_c1977 -
_fЗа том: Ямбол : Г. Димитров
300 _c22 см
380 _a5
650 4 _aТвърди тела - физика - учебници за ВУЗ
_9286679
653 _aфизика
653 _aучебници за ВУЗ
700 1 _aМаринова, Красимира П.
_eсъавт.
_9288765
760 1 _aБорисов, Милко
_d1977
_h320 с.
_nБиблиогр. след отд. гл. ; Азб. показалец
_tЧ. 1
852 _aЦб 88314
_bЦб
856 4 _qpdf
_i0.00
_ldisable
856 4 _qpdf
_i0.00
_ldisable
942 _cKNG
_n0
_02
_s1
944 _aCR
_c13.06.2004
_k30530
_lМинев Младен
944 _aED
_c10.07.2013